书目信息 |
| 题名: |
安全教育
|
|
| 作者: | 汪秀丽 , 李雪梅 主编 | |
| 分册: | ||
| 出版信息: | 北京 中国人民大学出版社 2014 |
|
| 页数: | 222页 | |
| 开本: | 26cm | |
| 丛书名: | ||
| 单 册: | ||
| 中图分类: | X925 | |
| 科图分类: | ||
| 主题词: | 安全教育--中等专业教育--教材 | |
| 电子资源: | ||
| ISBN: | 978-7-300-19725-8 | |
| 000 | 00811nam0 2200253 450 | |
| 001 | 338163 | |
| 005 | 20150601152528.45 | |
| 010 | @a978-7-300-19725-8@dCNY32.60 | |
| 100 | @a20140926d2014 em y0chiy50 ea | |
| 101 | 0 | @achi |
| 102 | @aCN@b110000 | |
| 105 | @aa z 000yy | |
| 106 | @ar | |
| 200 | 1 | @a安全教育@Aan quan jiao yu@f汪秀丽, 李雪梅主编 |
| 210 | @a北京@c中国人民大学出版社@d2014 | |
| 215 | @a222页@c图@d26cm | |
| 300 | @a中等职业教育通用基础教材系列 | |
| 330 | @a本书贴近职业院校学生的实际, 全面、多元地介绍了各项安全知识, 涉及公共安全、防灾防盗、食品安全、网络安全等方面。 | |
| 606 | 0 | @a安全教育@x中等专业教育@j教材 |
| 690 | @aX925@v5 | |
| 701 | 0 | @a汪秀丽@Awang xiu li@4主编 |
| 701 | 0 | @a李雪梅@Ali xue mei@c(教育学)@4主编 |
| 801 | 0 | @aCN@b卓展宏图@c20150525 |
| 905 | @dX925@e12@f3 | |
| 安全教育/汪秀丽, 李雪梅主编.-北京:中国人民大学出版社,2014 |
| 222页:图;26cm |
| 中等职业教育通用基础教材系列 |
| ISBN 978-7-300-19725-8:CNY32.60 |
| 本书贴近职业院校学生的实际, 全面、多元地介绍了各项安全知识, 涉及公共安全、防灾防盗、食品安全、网络安全等方面。 |
| ● |
| 相关链接 |
|
|
|
|
正题名:安全教育
索取号:X925/12
 
预约/预借
| 序号 | 登录号 | 条形码 | 馆藏地/架位号 | 状态 | 备注 |
| 1 | 857603 | 208576030 | 第二样本阅览室/ [索取号:X925/12] | 在馆 | |
| 2 | 857604 | 208576049 | 第三借阅区/ [索取号:X925/12] | 在馆 | |
| 3 | 857605 | 208576058 | 第三借阅区/ [索取号:X925/12] | 在馆 |